|
|
|
|
| LEADER |
00000nab a2200000 ar4500 |
| 001 |
vtls009515680 |
| 003 |
SK-MaSNL |
| 005 |
20260304034458.0 |
| 008 |
090522c2009 xo er|p|||||||000 b|slo |
| 038 |
|
|
|a PPPK
|
| 040 |
|
|
|a PPPKCL
|b slo
|c PPPKCL
|e AACR2
|
| 041 |
0 |
|
|a slo
|
| 044 |
|
|
|a xo
|c SK
|
| 080 |
|
|
|a 347.12
|2 2001
|
| 100 |
1 |
|
|a Baráthová, Nora,
|d 1944-
|4 aut
|9 163499
|
| 245 |
1 |
0 |
|a Naše práva - právo meča
|n III.
|c Nora Baráthová
|
| 300 |
|
|
|b Fotogr.
|
| 650 |
0 |
7 |
|a mestské právo
|2 pppkcl
|9 2245
|
| 650 |
0 |
7 |
|a dejiny miest
|2 pppkcl
|9 164833
|
| 651 |
|
7 |
|a Kežmarok (Slovensko)
|2 pppkcl
|9 26808
|
| 773 |
0 |
|
|t Kežmarok
|g Roč. XVII, č. 6 (2009), s. 9
|
| 852 |
|
|
|a PPPK
|b KIS3GCP
|
| 999 |
|
|
|c 2653318
|d 2655248
|